Central Library OPAC University of Rajshahi

Competition for empire, 1740-1763 / (Record no. 25525)

MARC details
000 -LEADER
fixed length control field 00810nam a22002531 4500
001 - CONTROL NUMBER
control field 25525
003 - CONTROL NUMBER IDENTIFIER
rucl marc code BD-RjUL
005 - DATE AND TIME OF LATEST TRANSACTION
control field 20211209050907.0
008 - FIXED-LENGTH DATA ELEMENTS--GENERAL INFORMATION
fixed length control field 140318s1940 nyubcf b 001 0 eng
035 ## - SYSTEM CONTROL NUMBER
System control number (BD-RjUL)25595
040 ## - CATALOGING SOURCE
Original cataloging agency DLC
Transcribing agency DLC
Modifying agency DLC
-- BD-RjUL
Language of cataloging eng
041 ## - LANGUAGE CODE
Language code of text/sound track or separate title eng
082 00 - DEWEY DECIMAL CLASSIFICATION NUMBER
Classification number 940.22
Author mark and year DOC 1940
100 1# - MAIN ENTRY--PERSONAL NAME
Personal name Dorn, Walter Louis.
9 (RLIN) 78488
245 10 - TITLE STATEMENT
Title Competition for empire, 1740-1763 /
Statement of responsibility, etc. Walter L. Dorn.
260 ## - PUBLICATION, DISTRIBUTION, ETC. (IMPRINT)
Place of publication, distribution, etc. New York ;
-- London :
Name of publisher, distributor, etc. Harper & Brothers,
Date of publication, distribution, etc. c1940.
300 ## - PHYSICAL DESCRIPTION
Pagination xii p., 1 l., 426 p. :
Illustrations ill., front., plates, ports., maps (1 fold.) ;
Size 23 cm.
504 ## - BIBLIOGRAPHY, ETC. NOTE
Bibliography, etc Bibliography: p. [385]-415. and index.
651 #0 - SUBJECT ADDED ENTRY--GEOGRAPHIC NAME
Geographic name Europe
General subdivision History
Chronological subdivision 1648-1789.
9 (RLIN) 74921
942 ## - ADDED ENTRY ELEMENTS (KOHA)
Source of classification or shelving scheme Dewey Decimal Classification
Koha item type Books
Holdings
Lost status Source of classification or shelving scheme Damaged status Not for loan Collection code Permanent Location Current Location Shelving location Date acquired Source of acquisition Total Checkouts Full call number Date last seen Copy number Koha item type Cost, normal purchase price
  Dewey Decimal Classification     Non-fiction Central Library, University of Rajshahi Central Library, University of Rajshahi   22/08/1956 Asia foundation   940.22 DOC 1940 18/03/2014 C-1 Books  
  Dewey Decimal Classification     Non-fiction Central Library, University of Rajshahi Central Library, University of Rajshahi   20/09/1955 B.H Black well.   940.22 DOC 1940 19/03/2014 C-2 Books 1.15